Pokémon - La capacité Trempette - Statistiques

Statistiques générales
  • Ce quiz a été pris 46 fois
  • Le résultat moyen est 10 sur 28
Statistiques - réponses
Niveaux Pokémon % Correct
Départ Magicarpe
100%
Départ Léviator
73%
Départ Barpau
62%
Départ Granivol
57%
Départ Milobellus
57%
Départ Cotovol
51%
Départ Floravol
51%
Départ Azurill
46%
Départ Azumarill
43%
Départ Marill
43%
Départ Okéoké
35%
Départ Qulbutoke
35%
Départ Wailmer
32%
Départ Wailord
32%
Départ Cosmog
30%
Départ Mélo
30%
Départ Mélodelfe
30%
Départ Mélofée
30%
Départ Laporeille
22%
Départ Lockpin
19%
Départ Groret
16%
Départ Spoink
16%
Départ Mimiqui
14%
Départ Sucreine
14%
Départ Candine
11%
Départ Croquine
11%
Départ Flingouste
8%
Départ Gamblast
8%
Aucun quiz correspondant
Distribution des résultats
% des personnes avec chaque résultat
Percentile par nombre de réponses
Votre historique - résultats
Vous n’avez pas pris ce quiz